TH-SOF-1905-Detection and Diagnosis of Psychological Disorders through Decision Rule Set Formation (Record no. 586730)

000 -LEADER
fixed length control field 00415nam a22001337a 4500
040 ## - CATALOGING SOURCE
Transcribing agency NUST
082 ## - DEWEY DECIMAL CLASSIFICATION NUMBER
Classification number 200 THE
100 ## - MAIN ENTRY--PERSONAL NAME
Personal name Anila Umar
9 (RLIN) 84066
110 ## - MAIN ENTRY--CORPORATE NAME
Corporate name or jurisdiction name as entry element Supervisor Dr. Usman Qamar
9 (RLIN) 84067
245 ## - TITLE STATEMENT
Title TH-SOF-1905-Detection and Diagnosis of Psychological Disorders through Decision Rule Set Formation
260 ## - PUBLICATION, DISTRIBUTION, ETC.
Place of publication, distribution, etc. ISLAMABAD:
Name of publisher, distributor, etc. NUST COLLEGE OF EME,
Date of publication, distribution, etc. 2021.
650 ## - SUBJECT ADDED ENTRY--TOPICAL TERM
Topical term or geographic name entry element MS-CSE-17
9 (RLIN) 84068
942 ## - ADDED ENTRY ELEMENTS (KOHA)
Source of classification or shelving scheme
Koha item type Thesis
Holdings
Withdrawn status Lost status Source of classification or shelving scheme Damaged status Not for loan Permanent Location Current Location Shelving location Date acquired Total Checkouts Full call number Barcode Date last seen Price effective from Koha item type
          College of Electrical & Mechanical Engineering (CEME) College of Electrical & Mechanical Engineering (CEME) Reference 11/13/2021   200 THE TH-SOF-1905 11/13/2021 11/13/2021 Reference
© 2023 Central Library, National University of Sciences and Technology. All Rights Reserved.